Statistiques concernant Quiz Départements Occitanie

Cliquez ici pour prendre le quiz!

Statistiques générales

  • Ce quiz a été pris 48 fois
  • Le résultat moyen est 7 sur 13

Statistiques - réponses

QuestionRéponse% Correct
Équipe de Rugby a XV évoluant en première division depuis 1907 en Haute-GaronneStade Toulousain
90%
Statue d'un mousquetaire a Auch dans le GersD'Artagnan
78%
Ville de l'Aveyron ou se trouve le musée SoulagesRodez
73%
Pont portant le nom d'un pays frontalier de la France dans les Hautes-PyrénéesPont d'Espagne
71%
Pic dans les Pyrénées-OrientalesPic du Canigou
68%
Quels gorges sont en LozèreGorges du Tarn
59%
Quel grotte portant le nom d'un Amphibien se trouve le GardGrotte de la Salamandre
51%
Combiens de départements sont limitrophes de l'Aude5
39%
Rocher d'un rapace a Rocamadour dans le Lotdes Aigles
39%
Ville de naissance de Jean Jaurès dans le TarnCastres
37%
Quel Château n'est pas en AriègeChâteau de Querol
34%
Quel étang n'est pas dans l'HéraultÉtang de l'Ayrolle
27%
Année de création du département du Tarn-et-Garonne1808
22%

Distribution des résultats

Percentile par nombre de réponses

% des personnes avec chaque résultat

Votre développement - résultats

Vous n’avez pas pris ce quiz